Cálculo real y vectorial en varias variables

Shranjeno v:
Bibliografske podrobnosti
Glavni avtor: Martínez Yáñez, Carlos Alberto (autor)
Format: Knjiga
Jezik:španščina
Izdano: Valparaíso Universidad Católica de Valparaíso 2002
Izdaja:2a. ed
Teme:
Oznake: Označite
Brez oznak, prvi označite!

MARC

LEADER 00000nam a2200000 a 4500
001 UCM8556
003 CL-VaPUC
008 030321e20020722CL |||||||||||||||||spa|d
082 0 4 |a 515  |b MAR  |2 21 
100 |a Martínez Yáñez, Carlos Alberto  |e autor  |9 775858 
245 1 0 |a Cálculo real y vectorial en varias variables 
250 |a 2a. ed 
300 |a 326 p 
942 |c BK 
945 |d 20030321 00:00:00  |a vberengu 
260 |a Valparaíso  |b Universidad Católica de Valparaíso  |c 2002 
650 0 |a Análisis vectorial   |9 260451 
650 0 |a Cálculo diferencial   |9 260102 
650 0 |a Cálculo integral  |9 260103 
650 0 |a Cálculo vectorial   |9 408406 
650 0 |a Derivadas parciales   |9 419748 
650 0 |a Integrales   |9 260233 
650 0 |a Topología   |9 260092 
583 |a last modification  |c 20120924 13:44:08  |k Rodrigo Vera 
999 |c 303025  |d 303023 
952 |0 0  |1 0  |4 0  |6 515_000000000000000_MAR_2002  |7 0  |8 A  |9 363942  |a BIBMAT  |b BIBMAT  |c GEN  |d 2019-11-21  |i 3886646  |o 515 MAR 2002  |p 3886646  |r 2025-01-07  |w 2019-11-21  |y BK  |k MAT 
952 |0 0  |1 0  |4 0  |6 515_000000000000000_MAR_2002  |7 0  |8 A  |9 363943  |a BIBMAT  |b BIBMAT  |c GEN  |d 2019-11-21  |i 3886654  |l 1  |o 515 MAR 2002  |p 3886654  |r 2025-01-07  |s 2022-07-01  |w 2019-11-21  |y BK  |k MAT 
952 |0 0  |1 0  |4 0  |6 515_000000000000000_MAR_2002  |7 0  |8 A  |9 363944  |a BIBMAT  |b BIBMAT  |c GEN  |d 2019-11-21  |i 3886662  |o 515 MAR 2002  |p 3886662  |r 2025-01-07  |w 2019-11-21  |y BK  |k MAT 
952 |0 0  |1 0  |4 0  |6 515_000000000000000_MAR_2002  |7 0  |8 A  |9 363945  |a BIBMAT  |b BIBMAT  |c GEN  |d 2019-11-21  |i 3886670  |o 515 MAR 2002  |p 3886670  |r 2025-01-07  |w 2019-11-21  |y BK  |k MAT 
952 |0 0  |1 0  |4 0  |6 515_000000000000000_MAR_2002  |7 0  |8 A  |9 363946  |a BIBMAT  |b BIBMAT  |c GEN  |d 2019-11-21  |i 3886689  |o 515 MAR 2002  |p 3886689  |r 2025-01-07  |w 2019-11-21  |y BK  |k MAT 
952 |0 0  |1 0  |4 0  |6 515_000000000000000_MAR_2002  |7 0  |8 A  |9 363947  |a BIBMAT  |b BIBMAT  |c GEN  |d 2019-11-21  |i 3886697  |o 515 MAR 2002  |p 3886697  |r 2025-01-07  |w 2019-11-21  |y BK  |k MAT 
952 |0 0  |1 0  |4 0  |6 515_000000000000000_MAR_2002  |7 0  |8 A  |9 363948  |a BIBCUR  |b BIBCUR  |d 2019-11-21  |i 3960374  |l 7  |m 4  |o 515 MAR 2002  |p 3960374  |r 2025-05-06  |s 2025-04-08  |w 2019-11-21  |y BK  |k BCB